| 000 | 01148nam a2200313 a 4500 | ||
|---|---|---|---|
| 001 | 000000135 | ||
| 003 | DO-SdBNP | ||
| 005 | 20210414102524.0 | ||
| 007 | 000000135 | ||
| 008 | 090130s2007 dr a 001 0 spa d | ||
| 020 | _a9789945068405 | ||
| 040 |
_aBPMSU _bspa _cBPMSU |
||
| 082 | 4 |
_aRD863.44 _bP426c, 2007 |
|
| 092 | _a | ||
| 100 | 1 |
_aPeralta Romero, Rafael, _d1948- |
|
| 245 | 1 | 3 |
_aEl conejo en el espejo y otros cuentos para niños / _cRafael Peralta Romero; ilustraciones Leonel Bello |
| 250 | _a2a ed. | ||
| 260 |
_aSanto Domingo : _bSantuario, _c2007 |
||
| 300 |
_a59 p. : _bils. ; _c21 cm. |
||
| 500 | _3Incluye datos biográficos del autor en la contracubierta | ||
| 505 | 0 | _aLa niña que parecia de agua -- El día que Guillermo cambió su forma de ser -- El gatito que se fue -- De cómo Anomia perdió las palabras -- El origen del chocolate -- Apendíz de músico -- El conejo en el espejo. | |
| 590 | _6Inventariado, 2021/VM | ||
| 650 | 4 | _aCuentos infantiles dominicanos | |
| 650 | 4 | _aLiteratura infantil dominicana | |
| 700 | 1 |
_aBello, Leonel _bils. |
|
| 910 | _aVMateo | ||
| 942 |
_2ddc _cBK |
||
| 945 | _a | ||
| 999 |
_c7264 _d7264 |
||